[Event "Let's KO"]
[Site "SchemingMind.com"]
[Date "2017.02.14"]
[Round "-"]
[White "Phillip Beckett"]
[Black "Clive Everill"]
[Result "0-1"]
[WhiteCountry "ENG"]
[BlackCountry "CZE"]
[WhiteElo "1571"]
[WhiteRD "61"]
[BlackElo "1765"]
[BlackRD "55"]
[GameID "410567"]

1. e4 d6 2. d4 Nf6 3. Nc3 c6 4. Nf3 Bg4 5. Be2 e6 6. h3 Bh5 7. O-O Be7 8. e5 dxe5 9. dxe5 Nd5 10. Nxd5 cxd5
11. Nd4 Bxe2 12. Qxe2 O-O 13. c3 Bc5 14. Be3 b6 15. b4 Be7 16. a4 Qc7 17. Bf4 Qxc3 18. Qd2 Bxb4 19. Qxc3 Bxc3 20. Rad1 Bxd4
21. Rxd4 Nc6 22. Rdd1 Nb4 23. Rc1 Nd3
0-1

[Event "Let's KO"]
[Site "SchemingMind.com"]
[Date "2017.02.14"]
[Round "-"]
[White "Clive Everill"]
[Black "Phillip Beckett"]
[Result "1-0"]
[WhiteCountry "CZE"]
[BlackCountry "ENG"]
[WhiteElo "1765"]
[WhiteRD "55"]
[BlackElo "1571"]
[BlackRD "61"]
[GameID "410568"]

1. Nf3 Nf6 2. c4 e6 3. Nc3 d5 4. d4 Be7 5. Bf4 c6 6. e3 O-O 7. Qc2 Nbd7 8. Rd1 dxc4 9. Bxc4 Nb6 10. Be2 Nbd5
11. Bg3 Bd6 12. Bxd6 Qxd6 13. O-O Nxc3 14. bxc3 Bd7 15. c4 Rfd8 16. Ne5 Be8 17. c5 Qc7 18. Nc4 Nd5 19. Nd6 Ne7 20. Bd3 g6
21. Ne4 Nc8 22. Nf6+ Kg7 23. Ng4 f5 24. Ne5 Ne7 25. Bc4 Nd5 26. a3 Bf7 27. Nf3 b5 28. Bxd5 exd5 29. Ne5 Re8 30. f4 a5
31. Rf3 Reb8 32. Rh3 b4 33. axb4 axb4 34. Qf2 Bg8 35. Qh4 b3 36. Qh6+ Kf6 37. g4 Qg7 38. g5+
1-0

[Event "Let's KO"]
[Site "SchemingMind.com"]
[Date "2017.02.18"]
[Round "-"]
[White "Lee Shuck"]
[Black "Ronald R. Nurmi"]
[Result "0-1"]
[WhiteCountry "ENG"]
[BlackCountry "USA"]
[WhiteElo "1306"]
[WhiteRD "88"]
[BlackElo "1769"]
[BlackRD "93"]
[GameID "410569"]

1. e4 d5 2. exd5 Qxd5 3. Nc3 Qd6 4. d4 Nf6 5. Nf3 c6 6. Qe2 Bg4 7. Qe5 Bxf3 8. Qxd6 exd6 9. gxf3 d5 10. Bf4 Be7
11. O-O-O O-O 12. Re1 Re8 13. Rg1 Nbd7 14. Bh6 g6 15. Bg5 Bd6 16. Rxe8+ Rxe8 17. Bxf6 Nxf6 18. a3 Bxh2 19. Rg2 Bf4+ 20. Kb1 Re1+
21. Ka2 Rxf1 22. Ne2 Bd6 23. c3 Re1 24. Ng1 Nh5 25. Kb3 Nf4 26. c4 Nxg2
0-1

[Event "Let's KO"]
[Site "SchemingMind.com"]
[Date "2017.02.18"]
[Round "-"]
[White "Ronald R. Nurmi"]
[Black "Lee Shuck"]
[Result "1-0"]
[WhiteCountry "USA"]
[BlackCountry "ENG"]
[WhiteElo "1752"]
[WhiteRD "100"]
[BlackElo "1308"]
[BlackRD "90"]
[GameID "410570"]

1. d4 d5 2. Bf4 c5 3. e3 e6 4. c3 c4 5. Nd2 Bd6 6. Bg3 Bxg3 7. hxg3 Nf6 8. f4 Ne4 9. Nxe4 dxe4 10. Bxc4 O-O
11. Qc2 Qc7 12. Qxe4 Qxc4 13. Qxh7#
1-0

[Event "Let's KO"]
[Site "SchemingMind.com"]
[Date "2017.02.14"]
[Round "-"]
[White "JPT"]
[Black "Wojtek26"]
[Result "0-1"]
[WhiteCountry "INT"]
[BlackCountry "POL"]
[WhiteElo "1677"]
[WhiteRD "91"]
[BlackElo "1573"]
[BlackRD "51"]
[GameID "410571"]

1. e4 e5 2. Bb5 c6 3. Ba4 Nf6 4. Nc3 Bb4 5. Nge2 O-O 6. d3 d5 7. exd5 Nxd5 8. O-O Nxc3 9. Nxc3 Nd7 10. Ne4 Nf6
11. Bg5 Be7 12. Nxf6+ Bxf6 13. Be3 Be6 14. c3 Qc7 15. Bc2 a6 16. Qe2 Bf5 17. Rad1 Rad8 18. f4 exf4 19. Rxf4 Bg6 20. Rdf1 Rfe8
21. Qf2 Bg5 22. Bb6 Qxf4 23. Qxf4 Bxf4 24. Bxd8 Be3+ 25. Kh1 Rxd8 26. Re1 Bc5 27. Bb3 Kf8
0-1

[Event "Let's KO"]
[Site "SchemingMind.com"]
[Date "2017.02.14"]
[Round "-"]
[White "Wojtek26"]
[Black "JPT"]
[Result "1-0"]
[WhiteCountry "POL"]
[BlackCountry "INT"]
[WhiteElo "1573"]
[WhiteRD "51"]
[BlackElo "1677"]
[BlackRD "91"]
[GameID "410572"]

1. d4 d5 2. c4 c5 3. dxc5 Qa5+ 4. Bd2 Qxc5 5. e3 dxc4 6. Qa4+ Bd7 7. Qxc4 Qxc4 8. Bxc4 e6 9. Nf3 Nc6 10. O-O O-O-O
11. Nc3 Bc5 12. Ne4 Bb6 13. Nd6+ Kb8 14. Nxf7 Nf6 15. Nxh8 Rxh8 16. Bc3 Ne7 17. Ne5 Bc8 18. Rad1 Bc7 19. Nf3 Ng6 20. Rd2 e5
21. Bf7 e4 22. Ne1 Rf8 23. Bxg6 hxg6 24. Bxf6 gxf6 25. Nc2 Rh8 26. g3 f5 27. Rfd1 g5 28. Nb4 f4 29. Nd5 Bg4 30. Rc1 Rd8
31. Rd4 Be5 32. Rdc4 Rg8 33. Ne7
1-0

[Event "Let's KO"]
[Site "SchemingMind.com"]
[Date "2017.02.13"]
[Round "-"]
[White "Timaeus"]
[Black "John Willis"]
[Result "0-1"]
[WhiteCountry "JPN"]
[BlackCountry "USA"]
[WhiteElo "1379"]
[WhiteRD "88"]
[BlackElo "1663"]
[BlackRD "100"]
[GameID "410573"]

1. e4 c5 2. Bc4 Nc6 3. Qf3 Ne5 4. Qe2 Nf6 5. Nf3 Nxc4 6. Qxc4 d6 7. O-O g6 8. Nc3 Bg7 9. d3 O-O 10. d4 Nd7
11. Bg5 Nb6 12. Qd3 h6 13. Bh4 Bd7 14. Rae1 Re8 15. d5 a6 16. b3 e5 17. Bxd8 Raxd8 18. h3 f5 19. exf5 Bxf5 20. Qd2 g5
21. g4 Bg6 22. Ne4 Bf8 23. Nf6+ Kg7 24. Nxe8+ Rxe8 25. Re2 Nd7 26. c4 Kg8 27. h4 Be7 28. hxg5 h5 29. gxh5 Bxh5 30. Re3 Nf8
31. Re4 Bxf3 32. Rh4 Ng6 33. Rh6 Nf4 34. Kh2 Bxg5 35. Rg1 Kg7 36. Rxd6 Rh8+ 37. Kg3 Rh3#
0-1

[Event "Let's KO"]
[Site "SchemingMind.com"]
[Date "2017.02.13"]
[Round "-"]
[White "John Willis"]
[Black "Timaeus"]
[Result "1-0"]
[WhiteCountry "USA"]
[BlackCountry "JPN"]
[WhiteElo "1618"]
[WhiteRD "96"]
[BlackElo "1388"]
[BlackRD "90"]
[GameID "410574"]

1. c4 c5 2. Nf3 d6 3. g3 Bg4 4. Bg2 e5 5. d3 Be7 6. O-O Nf6 7. Nc3 O-O 8. Nd5 Nc6 9. Nxe7+ Qxe7 10. Re1 Rad8
11. Bd2 Bxf3 12. Bxf3 e4 13. Bg2 Nd4 14. Bh3 a6 15. Ba5 Rd7 16. Bxd7 Qxd7 17. Bc3 exd3 18. Bxd4 dxe2 19. Rxe2 cxd4 20. Qxd4 d5
21. Rd1 Rd8 22. Red2 Qh3 23. Qh4 Qe6 24. cxd5 Qd6 25. b4 b5 26. a3 h6 27. Qf4 Qxf4 28. gxf4 Rd6 29. f5 g6 30. fxg6 fxg6
31. f4 Kf7 32. Kg2 Ne4 33. Rc2 Rd7 34. h4 Nf6 35. d6 Ng4 36. Kf3 h5 37. Rc7 Ke6 38. Rxd7 Kxd7 39. Ke4 Nf2+ 40. Kd5 Nxd1
41. Ke5 Ne3 42. Kf6 Nf5 43. Kxg6 Ng3 44. f5 Ne4 45. Kxh5 Kxd6 46. Kg6 Ke7 47. Kg7 Nf6 48. Kg6 Ng8 49. h5 Kf8 50. f6 Nxf6
51. Kxf6 Kg8 52. Kg6 Kh8 53. Kf6 Kh7 54. Ke6 Kh6 55. Kd6 Kxh5 56. Kc6 Kg6 57. Kb6 Kf7 58. Kxa6 Ke7 59. Kxb5 Kd7 60. Kb6 Kc8
61. Ka7 Kc7 62. b5
1-0

[Event "Let's KO"]
[Site "SchemingMind.com"]
[Date "2017.02.18"]
[Round "-"]
[White "woodpr"]
[Black "Transcendent"]
[Result "1-0"]
[WhiteCountry "ENG"]
[BlackCountry "ENG"]
[WhiteElo "1650"]
[WhiteRD "83"]
[BlackElo "1688"]
[BlackRD "62"]
[GameID "410575"]

1. e4 e6 2. d4 d5 3. e5 c5 4. Nf3 cxd4 5. Bb5+ Bd7 6. Nxd4 a6 7. Bxd7+ Nxd7 8. Qe2 Bc5 9. Be3 Nxe5 10. Qh5 Nc4
11. Nxe6
1-0

[Event "Let's KO"]
[Site "SchemingMind.com"]
[Date "2017.02.18"]
[Round "-"]
[White "Transcendent"]
[Black "woodpr"]
[Result "1-0"]
[WhiteCountry "ENG"]
[BlackCountry "ENG"]
[WhiteElo "1714"]
[WhiteRD "62"]
[BlackElo "1618"]
[BlackRD "87"]
[GameID "410576"]

1. d4 d5 2. c4 e6 3. Nf3 Nc6 4. Nc3 Nf6 5. e3 Bb4 6. Bd2 O-O 7. Bd3 Re8 8. cxd5 Nxd5 9. Nxd5 exd5 10. O-O Qf6
11. Bxb4 Nxb4 12. a3 Nc6 13. Rc1 a6 14. Rc5 b6 15. Rc2 Bd7 16. Qb1 g6 17. b4 Bg4 18. Nd2 b5 19. f3 Rxe3 20. fxg4 Qxd4
21. Kh1 Rxd3 22. Rxc6 Rxd2 23. Rxc7 Qxg4 24. Rg1 Rf2 25. Qd3 Re8 26. Qxd5 Ree2 27. Rcc1 Ra2 28. Rce1 Rxa3 29. Re8+ Kg7 30. Qe5+ Kh6
31. Qc5 Qe2 32. Rxe2
1-0

[Event "Let's KO"]
[Site "SchemingMind.com"]
[Date "2017.02.14"]
[Round "-"]
[White "berns"]
[Black "Quaff"]
[Result "0-1"]
[WhiteCountry "ENG"]
[BlackCountry "ENG"]
[WhiteElo "1681"]
[WhiteRD "75"]
[BlackElo "1566"]
[BlackRD "67"]
[GameID "410577"]

1. d4 c6 2. Nf3 d5 3. Bf4 e6 4. e3 Bd6 5. Bxd6 Qxd6 6. Bd3 Nf6 7. O-O Nbd7 8. b3 h6 9. c4 Nh7 10. Qc2 f5
11. Nc3 O-O 12. c5 Qe7 13. a4 Ng5 14. Nxg5 Qxg5 15. Ne2 Nf6 16. f4 Qg6 17. Rf3 Ne4 18. Bxe4 fxe4 19. Rg3 Qh5 20. Rh3 Qf7
21. Ng3 e5 22. Rh4 exd4 23. exd4 Qf6 24. Nf5 Bxf5 25. Qf2 Rae8 26. g4 Bh7 27. Re1 Qxf4 28. Qxf4 Rxf4 29. Re3 Ref8 30. Reh3 Rf1+
31. Kg2 R8f2+ 32. Kg3 e3
0-1

[Event "Let's KO"]
[Site "SchemingMind.com"]
[Date "2017.02.14"]
[Round "-"]
[White "Quaff"]
[Black "berns"]
[Result "0-1"]
[WhiteCountry "ENG"]
[BlackCountry "ENG"]
[WhiteElo "1566"]
[WhiteRD "67"]
[BlackElo "1681"]
[BlackRD "75"]
[GameID "410578"]

1. e4 e5 2. Nf3 Nc6 3. Bc4 h6 4. c3 d6 5. b4 a6 6. d4 Bg4 7. Nbd2 Nf6 8. h3 Bxf3 9. Nxf3 Nxe4 10. Qb3 Qf6
11. Bd5 Qf5 12. dxe5 dxe5 13. O-O Bd6 14. Nh4 Qh5 15. Bxe4 Qxh4 16. Bxc6+ bxc6 17. Qa4 Qc4 18. Bb2 O-O 19. f3 c5 20. a3 cxb4
21. cxb4 Qf4 22. Qc2 e4 23. fxe4 Qg3 24. Qc3 Qxc3 25. Bxc3 c6 26. e5 Bc7 27. Rac1 Rfe8 28. Rfe1 Rad8 29. Bb2 Re6 30. a4 Rd5
31. Rc5 Bb6 32. Ba3 Bxc5+ 33. bxc5 Rdxe5 34. Rxe5 Rxe5 35. Kf2 f5 36. Kf3 g6 37. g4 fxg4+ 38. hxg4 Re1 39. a5 Ra1 40. Bb4 Rb1
41. Bd2 Rb5 42. Bxh6 Rxa5 43. Be3 Ra3 44. Kf4 a5 45. g5 a4 46. Bd4 Rh3 47. Ke5 a3 48. Ba1 Rd3 49. Ke4 Rd5 50. Bd4 Rxd4+
51. Kxd4 a2
0-1

[Event "Let's KO"]
[Site "SchemingMind.com"]
[Date "2017.02.18"]
[Round "-"]
[White "ray winteringham"]
[Black "maro"]
[Result "1-0"]
[WhiteCountry "ENG"]
[BlackCountry "MEX"]
[WhiteElo "1496"]
[WhiteRD "51"]
[BlackElo "1338"]
[BlackRD "67"]
[GameID "410579"]

1. e4 c5 2. Nf3 d6 3. Bc4 Nc6 4. O-O g6 5. h3 Bh6 6. c3 Nf6 7. d3 O-O 8. Bxh6 Re8 9. Ng5 e6 10. Nd2 d5
11. exd5 exd5 12. Bb3 Nh5 13. Qf3 Ne5 14. Qxd5 Qxd5 15. Bxd5 Nf6 16. f4 Nxd3 17. Bxf7+ Kh8 18. Bxe8 Nxe8 19. Rab1 Bf5 20. Rf3 c4
21. Nxc4 Rc8 22. b3 b5 23. Ne3 Bd7 24. Nd5 Nc5 25. Ne7 Rc7 26. Nf7#
1-0

[Event "Let's KO"]
[Site "SchemingMind.com"]
[Date "2017.02.18"]
[Round "-"]
[White "maro"]
[Black "ray winteringham"]
[Result "0-1"]
[WhiteCountry "MEX"]
[BlackCountry "ENG"]
[WhiteElo "1338"]
[WhiteRD "67"]
[BlackElo "1496"]
[BlackRD "51"]
[GameID "410580"]

1. e4 c5 2. Nf3 Nc6 3. Bc4 h6 4. O-O d6 5. b3 Nf6 6. Nc3 e5 7. Ba3 Be7 8. Rb1 O-O 9. b4 b6 10. bxc5 bxc5
11. Nb5 Nxe4 12. d3 Nf6 13. Nh4 d5 14. Bb3 e4 15. dxe4 Nxe4 16. Nf3 a6 17. Bb2 axb5 18. Ne5 Nxe5 19. Bxe5 f6 20. Bxd5+ Kh8
21. Bxa8 Qxd1 22. Rbxd1 fxe5 23. Bxe4 Bg4 24. f3 Be6
0-1

[Event "Let's KO"]
[Site "SchemingMind.com"]
[Date "2017.02.18"]
[Round "-"]
[White "bartleby en passant"]
[Black "Scooter"]
[Result "1-0"]
[WhiteCountry "IRL"]
[BlackCountry "USA"]
[WhiteElo "1785"]
[WhiteRD "82"]
[BlackElo "1644"]
[BlackRD "52"]
[GameID "410581"]

1. d4 Nf6 2. c4 g6 3. Nc3 Bg7 4. e4 d6 5. h3 O-O 6. Bg5 a6 7. Nf3 Re8 8. e5 dxe5 9. dxe5 Qxd1+ 10. Rxd1 Nfd7
11. Nd5
1-0

[Event "Let's KO"]
[Site "SchemingMind.com"]
[Date "2017.02.18"]
[Round "-"]
[White "Scooter"]
[Black "bartleby en passant"]
[Result "1-0"]
[WhiteCountry "USA"]
[BlackCountry "IRL"]
[WhiteElo "1708"]
[WhiteRD "53"]
[BlackElo "1706"]
[BlackRD "83"]
[GameID "410582"]

1. d4 Nf6 2. Nf3 d5 3. Bf4 Bg4 4. e3 e6 5. Be2 Bb4+ 6. c3 Ba5 7. O-O Bxf3 8. Bxf3 Nbd7 9. Nd2 O-O 10. h3 h6
11. c4 c6 12. cxd5 exd5 13. Nb3 Ne4 14. Bxe4 dxe4 15. Nxa5 Qxa5 16. Bxh6 Nf6 17. Bf4 Qf5 18. Qb3 b5 19. Rac1 Rfc8 20. Rc5 Nd5
21. Rfc1 Qd7 22. a3 Nxf4 23. exf4 Rc7 24. d5 Rac8 25. dxc6 Qd3 26. Qxd3 exd3 27. Rd5 Rxc6 28. Rxc6 Rxc6 29. Rxd3 a6 30. b4 g6
31. g3 Kg7 32. Kf1 Re6 33. f3 f5 34. Kf2 Rc6 35. g4 Kh6 36. Kg3 Re6 37. Kf2 Rc6 38. Re3 fxg4 39. fxg4 Rd6 40. Kf3 Rc6
41. Ke4 g5 42. f5 Rf6 43. Kd5
1-0

[Event "Let's KO"]
[Site "SchemingMind.com"]
[Date "2017.04.12"]
[Round "-"]
[White "Wojtek26"]
[Black "John Willis"]
[Result "1-0"]
[WhiteCountry "POL"]
[BlackCountry "USA"]
[WhiteElo "1580"]
[WhiteRD "50"]
[BlackElo "1618"]
[BlackRD "96"]
[GameID "412779"]

1. d4 Nf6 2. Nf3 g6 3. e3 Bg7 4. c4 O-O 5. Bd3 d6 6. O-O Nfd7 7. Nbd2 e5 8. dxe5 dxe5 9. Ne4 h6 10. Rb1 c5
11. Nd6 Nb6 12. Nxc8 Qxc8 13. Be4 Nxc4 14. b3 Rd8 15. Qc2 Nd6 16. Bb2 Nxe4 17. Qxe4 Nc6 18. Rbd1 Re8 19. Rc1 f5 20. Qc4+ Kh7
21. Qxc5 Bf8 22. Qc4 Rd8 23. Qf7+ Bg7 24. Nxe5 Rf8 25. Qxg6+ Kg8 26. Nxc6 Rf7 27. Ne7+ Rxe7 28. Rxc8+ Rxc8 29. Bxg7 Rxg7 30. Qe6+
1-0

[Event "Let's KO"]
[Site "SchemingMind.com"]
[Date "2017.04.12"]
[Round "-"]
[White "John Willis"]
[Black "Wojtek26"]
[Result "0-1"]
[WhiteCountry "USA"]
[BlackCountry "POL"]
[WhiteElo "1618"]
[WhiteRD "96"]
[BlackElo "1580"]
[BlackRD "50"]
[GameID "412780"]

1. c4 e5 2. g3 Nf6 3. Bg2 d5 4. cxd5 Nxd5 5. Nf3 Bc5 6. O-O Nc6 7. e4 Nf6 8. d3 O-O 9. Nc3 Bg4 10. h3 Bh5
11. g4 Nxg4 12. hxg4 Bxg4 13. Bg5 f6 14. Qb3+ Kh8 15. Bd2 f5 16. Ng5 Nd4 17. Nf7+ Rxf7 18. Qxf7 Nf3+ 19. Bxf3 Bxf3 20. Rac1 Qh4
21. Rfd1 Qh1#
0-1

[Event "Let's KO"]
[Site "SchemingMind.com"]
[Date "2017.04.17"]
[Round "-"]
[White "Clive Everill"]
[Black "Ronald R. Nurmi"]
[Result "1/2-1/2"]
[WhiteCountry "CZE"]
[BlackCountry "USA"]
[WhiteElo "1726"]
[WhiteRD "63"]
[BlackElo "1762"]
[BlackRD "86"]
[GameID "412965"]

1. e4 d5 2. exd5 Qxd5 3. Nc3 Qd6 4. d4 Nf6 5. Bd3 Bg4 6. f3 Bh5 7. Nge2 Nc6 8. Bf4 Qd7 9. Qd2 e6 10. O-O-O Bb4
11. a3 Bd6 12. Bg5 Be7 13. g4 Bg6 14. Bxg6 hxg6 15. h4 O-O-O 16. Na2 Nd5 17. Bxe7 Qxe7 18. c3 Rxh4 19. Rxh4 Qxh4 20. Nb4 Ncxb4
21. axb4 g5 22. c4 Ne7 23. Qc3 g6 24. b5 f5 25. Qa3 Qh7 26. Qxa7 b6 27. c5 bxc5 28. Qxc5 Nd5 29. Rd3 Qd7 30. Ra3 Qd6
31. Ra8+ Kd7 32. Rxd8+ Kxd8 33. Qa7 Qb4 34. Qa8+ Ke7 35. Nc3 Nxc3 36. bxc3 Qxc3+ 37. Kb1 Qb4+ 38. Kc2 Qxb5 39. Qa3+ Kf7 40. Qe3 f4
41. Qd2 c5 42. dxc5 Qxc5+ 43. Kb1 Qd5 44. Qc3 e5 45. Qc7+ Kf6 46. Qb6+ Qe6 47. Qd8+ Qe7 48. Qh8+ Qg7 49. Qd8+ Ke6 50. Qxg5 Kd5
51. Qd8+ Kc4 52. Qc8+ Kd3 53. Qa6+ Ke3 54. Qa3+ Kf2 55. Qb3 g5 56. Kc1 Qc7+ 57. Kb2 Qc6 58. Qg8 Qxf3 59. Qxg5 e4 60. Qc5+ e3
61. g5 Qg4 62. Kc3 Kf1 63. Kc2 e2 64. Qb5 Qc8+ 65. Kd2 Qd7+ 66. Qxd7 e1=Q+ 67. Kc2 Qe2+ 68. Kc3 f3 69. g6 Qe1+=
1/2-1/2

[Event "Let's KO"]
[Site "SchemingMind.com"]
[Date "2017.04.18"]
[Round "-"]
[White "Ronald R. Nurmi"]
[Black "Clive Everill"]
[Result "0-1"]
[WhiteCountry "USA"]
[BlackCountry "CZE"]
[WhiteElo "1735"]
[WhiteRD "87"]
[BlackElo "1704"]
[BlackRD "62"]
[GameID "412966"]

1. d4 f5 2. Bg5 g6 3. Nc3 d5 4. Qd2 c6 5. f3 Bg7 6. O-O-O h6 7. Bf4 Nf6 8. h4 Nbd7 9. e3 Nb6 10. Nh3 Nh5
11. Bh2 Bd7 12. Nf4 Nxf4 13. Bxf4 e6 14. e4 fxe4 15. fxe4 Qe7 16. Re1 dxe4 17. Nxe4 Nc8 18. Nc5 b6 19. Nxd7 Qxd7 20. Be5 Bxe5
21. Rxe5 Nd6 22. Qe2 Ke7 23. g3 Nf7 24. Re4 Nd6 25. Rf4 Nf5 26. Qf2 Qd5 27. Rh2 Qxa2 28. Bd3 Qa1+ 29. Kd2 Qxb2 30. Bxf5 gxf5
31. Qe3 Kd7 32. Re2 Rae8 33. Qe5 Qb4+ 34. c3 Qb2+ 35. Kd3 Qb1+ 36. Kd2 Qa2+ 37. Kd3 Qa6+ 38. Kd2 Kc8 39. Qd6 Qa2+ 40. Kd3 Qd5
41. Qxd5 cxd5 42. Rf1 Rhg8
0-1

[Event "Let's KO"]
[Site "SchemingMind.com"]
[Date "2017.05.17"]
[Round "-"]
[White "ray winteringham"]
[Black "Scooter"]
[Result "0-1"]
[WhiteCountry "ENG"]
[BlackCountry "USA"]
[WhiteElo "1500"]
[WhiteRD "51"]
[BlackElo "1708"]
[BlackRD "53"]
[GameID "414066"]

1. e4 c6 2. d4 d5 3. e5 Bf5 4. Bd3 Bxd3 5. Qxd3 e6 6. Bf4 Nd7 7. Nf3 c5 8. c3 cxd4 9. cxd4 Bb4+ 10. Nc3 Ne7
11. O-O O-O 12. Ng5 Ng6 13. Bd2 h6 14. Nf3 a6 15. a3 Bxc3 16. Bxc3 Rc8 17. Rfc1 b5 18. g3 Qb6 19. b4 Rc7 20. Kg2 Rfc8
21. Bd2 Rxc1 22. Rxc1 Rxc1 23. Bxc1 Qc6 24. Be3 Nb6 25. Nd2 Nc4 26. Nb1 Nxe3+ 27. Qxe3 Qc2 28. Nd2 Ne7 29. Qb3 Qxd2
0-1

[Event "Let's KO"]
[Site "SchemingMind.com"]
[Date "2017.05.17"]
[Round "-"]
[White "Scooter"]
[Black "ray winteringham"]
[Result "1-0"]
[WhiteCountry "USA"]
[BlackCountry "ENG"]
[WhiteElo "1739"]
[WhiteRD "53"]
[BlackElo "1481"]
[BlackRD "52"]
[GameID "414067"]

1. d4 d5 2. Nf3 Nf6 3. Bf4 e6 4. e3 Bd6 5. Bxd6 Qxd6 6. c3 c6 7. Nbd2 b5 8. Nb3 Bb7 9. Nc5 Qc7 10. Ne5 O-O
11. Be2 Nbd7 12. Nexd7 Nxd7 13. Nxd7 Qxd7 14. b3 a6 15. O-O Qd6 16. c4 Qd8 17. cxb5 cxb5 18. Rc1 Qa5 19. Rc2 Rac8 20. Qb1 g6
21. Rfc1 f5 22. Rxc8 Rxc8 23. Rxc8+ Bxc8 24. b4 Qa3 25. Qc2 Bd7 26. Qc7 Be8 27. Qe7 Qc1+ 28. Bf1 Bf7 29. Qd8+ Kg7 30. Qa5 Qb1
31. a3 g5 32. Qxa6 Qa1 33. Qxb5 Qxa3 34. Qb7 Kf6 35. b5 Bh5 36. Qxh7 Bg6 37. Qc7 Qa1 38. b6 Bh5 39. f3 Qa3 40. Kf2 Qb2+
41. Be2 Be8 42. Qe5+ Ke7 43. b7 Bf7 44. b8=Q
1-0

[Event "Let's KO"]
[Site "SchemingMind.com"]
[Date "2017.06.13"]
[Round "-"]
[White "Quaff"]
[Black "Scooter"]
[Result "0-1"]
[WhiteCountry "ENG"]
[BlackCountry "USA"]
[WhiteElo "1564"]
[WhiteRD "61"]
[BlackElo "1711"]
[BlackRD "52"]
[GameID "415040"]

1. e4 c6 2. f4 d5 3. e5 e6 4. Nf3 Ne7 5. d4 g6 6. Bd3 Bg7 7. O-O O-O 8. Be3 Nd7 9. Nc3 Qc7 10. h3 a6
11. a3 c5 12. dxc5 Nxc5 13. Bxc5 Qxc5+ 14. Kh1 Nc6 15. Ne2 b5 16. b4 Qe7 17. Ned4 Nxd4 18. Nxd4 Bb7 19. Rc1 Rac8 20. Ra1 Qc7
21. Qd2 Qb6 22. Nb3 Rc7 23. Nc5 Rfc8 24. a4 Bf8 25. a5 Qa7 26. Nxb7 Qxb7 27. Kh2 Rc3 28. Qe2 Bxb4 29. h4 Ra3 30. Rxa3 Bxa3
31. h5 Bb4 32. hxg6 hxg6 33. Qg4 Kg7 34. f5 exf5 35. Rxf5 Qd7 36. Rg5 Rh8+ 37. Kg3 Qxg4+ 38. Kxg4 Bd2
0-1

[Event "Let's KO"]
[Site "SchemingMind.com"]
[Date "2017.06.13"]
[Round "-"]
[White "Scooter"]
[Black "Quaff"]
[Result "1-0"]
[WhiteCountry "USA"]
[BlackCountry "ENG"]
[WhiteElo "1732"]
[WhiteRD "51"]
[BlackElo "1600"]
[BlackRD "63"]
[GameID "415041"]

1. d4 c6 2. Nf3 d5 3. Bf4 h6 4. h3 Nf6 5. e3 e6 6. Be2 Bd6 7. Bxd6 Qxd6 8. c3 O-O 9. O-O Nh7 10. Nbd2 f5
11. Ne5 Nd7 12. Ndf3 Nxe5 13. Nxe5 Ng5 14. Bh5 Bd7 15. Rc1 Be8 16. Bxe8 Raxe8 17. Qh5 Rf6 18. Qxe8+
1-0

[Event "Let's KO"]
[Site "SchemingMind.com"]
[Date "2017.07.11"]
[Round "-"]
[White "Clive Everill"]
[Black "Wojtek26"]
[Result "1-0"]
[WhiteCountry "CZE"]
[BlackCountry "POL"]
[WhiteElo "1726"]
[WhiteRD "63"]
[BlackElo "1608"]
[BlackRD "51"]
[GameID "416175"]

1. e4 e5 2. f4 exf4 3. Nf3 g5 4. Bc4 g4 5. O-O gxf3 6. Qxf3 Bc5+ 7. Kh1 Qg5 8. c3 d6 9. d4 Bb6 10. Bxf4 Qg6
11. Bg3 Bg4 12. Bxf7+
1-0

[Event "Let's KO"]
[Site "SchemingMind.com"]
[Date "2017.07.12"]
[Round "-"]
[White "Wojtek26"]
[Black "Clive Everill"]
[Result "0-1"]
[WhiteCountry "POL"]
[BlackCountry "CZE"]
[WhiteElo "1596"]
[WhiteRD "45"]
[BlackElo "1763"]
[BlackRD "63"]
[GameID "416176"]

1. e4 e5 2. Nf3 Nc6 3. Bc4 Bc5 4. O-O d6 5. Nc3 Bg4 6. h3 Bh5 7. d3 Nd4 8. g4 Nxf3+ 9. Qxf3 Bg6 10. Nd5 c6
11. Nc3 b5 12. Bb3 a5 13. a3 Ne7 14. Bg5 O-O 15. h4 h6 16. Bxe7 Qxe7 17. h5 Bh7 18. Ne2 a4 19. Ba2 Qg5 20. Ng3 Bd4
21. c3 Bb6 22. Rad1 Kh8 23. Nf5 Qd8 24. Kh2 g6 25. hxg6 fxg6 26. Ng3 Rxf3
0-1

[Event "Let's KO"]
[Site "SchemingMind.com"]
[Date "2017.08.24"]
[Round "-"]
[White "Clive Everill"]
[Black "Scooter"]
[Result "1-0"]
[WhiteCountry "CZE"]
[BlackCountry "USA"]
[WhiteElo "1756"]
[WhiteRD "61"]
[BlackElo "1703"]
[BlackRD "54"]
[GameID "417727"]

1. e4 c6 2. d4 d5 3. Nc3 dxe4 4. Nxe4 Bf5 5. Ng3 Bg6 6. h4 h6 7. Nf3 Nd7 8. h5 Bh7 9. Bd3 Bxd3 10. Qxd3 Qc7
11. Bd2 O-O-O 12. O-O-O Ngf6 13. Qe2 e6 14. Ne5 Nxe5 15. dxe5 Nd7 16. f4 Bc5 17. Ne4 Qb6 18. g4 f5 19. exf6 gxf6 20. Rhf1 f5
21. gxf5 exf5 22. Ng3 Rhf8 23. Bc3 Be3+ 24. Kb1 Rde8 25. Qd3 Re7 26. Nxf5
1-0

[Event "Let's KO"]
[Site "SchemingMind.com"]
[Date "2017.08.24"]
[Round "-"]
[White "Scooter"]
[Black "Clive Everill"]
[Result "1/2-1/2"]
[WhiteCountry "USA"]
[BlackCountry "CZE"]
[WhiteElo "1703"]
[WhiteRD "54"]
[BlackElo "1756"]
[BlackRD "61"]
[GameID "417728"]

1. d4 f5 2. Nf3 Nf6 3. Bf4 g6 4. e3 Bg7 5. Bc4 d5 6. Be2 O-O 7. O-O Nh5 8. Be5 Nc6 9. Bxg7 Nxg7 10. Nbd2 Re8
11. a3 e5 12. dxe5 Nxe5 13. Nxe5 Rxe5 14. Nf3 Re8 15. c4 Be6 16. cxd5 Qxd5 17. Qxd5 Bxd5 18. Rac1 c6 19. Nd4 Rad8 20. Bc4 Bxc4
21. Rxc4 Ne6 22. Nxe6 Rxe6 23. b4 Rd3 24. Ra1 Red6 25. Rcc1 Rb3 26. Rcb1 Rdd3 27. Rxb3 Rxb3 28. Kf1 b6 29. Ra2 c5 30. bxc5 bxc5
31. Rc2 Rxa3 32. Rxc5 a5 33. Ke2 a4 34. Ra5 Ra1 35. Kf3 a3 36. Kf4 Kg7 37. h4 a2 38. g3 Kf6 39. Ra6+ Kg7 40. Ra7+ Kh6
41. Ra6 Kh5 42. Ra5 Kh6 43. Ra6 Kg7=
1/2-1/2